Ako aplikovať medzinárodné účtovné štandardy? Začnime pochopením ich filozofie!
Vysvetlenie podstaty nového systému prípravy účtovnej závierky. Význam správneho chápania filozofie medzinárodných účtovných štandardov (IAS) ako predpoklad ich správnej aplikácie z pozície zostavovateľa, overovateľa (audítora) aj používateľa účtovnej závierky. Systémy regulácie finančného účtovníct...
Guardado en:
| Autor principal: | |
|---|---|
| Formato: | Capítulo de libro |
| Lenguaje: | eslovaco |
| Materias: | |
| Etiquetas: |
Sin Etiquetas, Sea el primero en etiquetar este registro!
|
MARC
| LEADER | 00000naa$a2200000$$$4500 | ||
|---|---|---|---|
| 001 | 0026607 | ||
| 005 | 20240502071426.5 | ||
| 041 | 0 | |a slo | |
| 044 | |a SK | ||
| 245 | 1 | 0 | |a Ako aplikovať medzinárodné účtovné štandardy? Začnime pochopením ich filozofie! |c Jana Šnircová |
| 520 | |a Vysvetlenie podstaty nového systému prípravy účtovnej závierky. Význam správneho chápania filozofie medzinárodných účtovných štandardov (IAS) ako predpoklad ich správnej aplikácie z pozície zostavovateľa, overovateľa (audítora) aj používateľa účtovnej závierky. Systémy regulácie finančného účtovníctva a výkazníctva. Poznanie Koncepčného rámca IAS. Cieľ účtovnej závierky. | ||
| 610 | 2 | 0 | |a závierka účtovná |
| 610 | 2 | 0 | |a štandardy účtovné medzinárodné |
| 610 | 2 | 0 | |a účtovníctvo finančné |
| 610 | 2 | 0 | |a výkazy finančné |
| 610 | 2 | 0 | |a osnova účtová |
| 610 | 2 | 0 | |a koncepcie |
| 610 | 2 | 0 | |a pojmy |
| 100 | 1 | |a Šnircová, Jana, 1971- | |